Moderný nástroj pre podporu efektívnej činnosti controllingu

Požiadavky používateľa typu controller a manažér na controllingový systém s načrtnutím možností na vytvorenie vhodného prostredia pre riešenie controllingu s cieľom efektívneho a kvalitného uspokojenia informačných potrieb manažérov s podporou BI riešenia controllingového systému ProValue z ponuky N...

Descrizione completa

Salvato in:
Dettagli Bibliografici
Autore principale: Král, Ľubomír
Natura: Capitolo di libro
Lingua:slovacco
Soggetti:
Tags: Aggiungi Tag
Nessun Tag, puoi essere il primo ad aggiungerne!!

MARC

LEADER 00000naa$a2200000$$$4500
001 0078522
005 20231106075359.4
041 0 |a slo 
044 |a SK 
245 1 0 |a Moderný nástroj pre podporu efektívnej činnosti controllingu  |c Ľubomír Král 
520 |a Požiadavky používateľa typu controller a manažér na controllingový systém s načrtnutím možností na vytvorenie vhodného prostredia pre riešenie controllingu s cieľom efektívneho a kvalitného uspokojenia informačných potrieb manažérov s podporou BI riešenia controllingového systému ProValue z ponuky NESS. 
610 2 0 |a kontroling 
610 2 0 |a manažment 
610 2 0 |a firmy 
610 2 0 |a technológie informačné 
610 2 0 |a plánovanie 
100 1 |a Král, Ľubomír